00618nam a22001697a 450000500170000000800410001702000150005805000210007310000270009424501070012125000190022826000320024730000180027930000160029750001040031365000310041720231102152001.0161004b2011 mx ||||| |||| 00| 0 spa d a9700760944 aKB325bP546 2011 aDe Pina, Rafaeleautor aElementos de derecho civil mexicanob : Obligaciones civiles - Contratos en genealc / Rafael De Pina a15a. Edición aMéxicob : Porrúac2011 a384 Páginas aVolumen III aOriente: Educación Mixta / Criminalística / Valuación de Bienes Muebles (B09-2) / (22 001408) xCriminalísticazMéxico